<?xml version="1.0" encoding="UTF-8"?>
<record
    xmlns:xsi="http://www.w3.org/2001/XMLSchema-instance"
    xsi:schemaLocation="http://www.loc.gov/MARC21/slim http://www.loc.gov/standards/marcxml/schema/MARC21slim.xsd"
    xmlns="http://www.loc.gov/MARC21/slim">

  <leader>00801nam a2200205   4500</leader>
  <controlfield tag="008">708 N136n</controlfield>
  <datafield tag="020" ind1=" " ind2=" ">
    <subfield code="a">9786124092527</subfield>
  </datafield>
  <datafield tag="082" ind1=" " ind2=" ">
    <subfield code="a">708</subfield>
    <subfield code="b">N136n</subfield>
  </datafield>
  <datafield tag="100" ind1=" " ind2=" ">
    <subfield code="a">Rodr&#xED;guez, Herbert</subfield>
    <subfield code="9">7299</subfield>
  </datafield>
  <datafield tag="245" ind1=" " ind2=" ">
    <subfield code="a">Nadie sale vivo de aqu&#xED;. Herbert Rodr&#xED;guez:</subfield>
    <subfield code="b">Cuatro d&#xE9;cadas de insolencia visual. 1979 - 2016</subfield>
  </datafield>
  <datafield tag="250" ind1=" " ind2=" ">
    <subfield code="a">1a ed.</subfield>
  </datafield>
  <datafield tag="260" ind1=" " ind2=" ">
    <subfield code="a">Lima</subfield>
    <subfield code="b">Instituto Cultural Peruano Norteamericano</subfield>
    <subfield code="c">2017</subfield>
  </datafield>
  <datafield tag="300" ind1=" " ind2=" ">
    <subfield code="a">202 p.</subfield>
    <subfield code="b">il. (col)</subfield>
    <subfield code="c">31 x 21 cm</subfield>
  </datafield>
  <datafield tag="505" ind1=" " ind2=" ">
    <subfield code="t">Presentaci&#xF3;n</subfield>
    <subfield code="t">Nadie sale vivo de aqu&#xED;</subfield>
    <subfield code="t">Obras</subfield>
    <subfield code="t">Documentos</subfield>
    <subfield code="t">Biograf&#xED;a / Bibliograf&#xED;a</subfield>
    <subfield code="t">English Translation</subfield>
  </datafield>
  <datafield tag="650" ind1=" " ind2=" ">
    <subfield code="x">arte contempor&#xE1;neo</subfield>
    <subfield code="x">arte - exhibiciones</subfield>
    <subfield code="x">artes visuales - Per&#xFA;</subfield>
    <subfield code="x">artistas</subfield>
    <subfield code="9">7300</subfield>
  </datafield>
  <datafield tag="700" ind1=" " ind2=" ">
    <subfield code="a">Mir&#xF3;-Quesada, Charles</subfield>
    <subfield code="9">7301</subfield>
  </datafield>
  <datafield tag="710" ind1=" " ind2=" ">
    <subfield code="a">A. C&#xE1;ceres, Roger</subfield>
    <subfield code="9">7302</subfield>
  </datafield>
  <datafield tag="711" ind1=" " ind2=" ">
    <subfield code="a">A. Muro, Luis</subfield>
    <subfield code="9">7303</subfield>
  </datafield>
  <datafield tag="720" ind1=" " ind2=" ">
    <subfield code="a">Trivelli, Carlo</subfield>
  </datafield>
  <datafield tag="999" ind1=" " ind2=" ">
    <subfield code="c">1897</subfield>
    <subfield code="d">1897</subfield>
  </datafield>
  <datafield tag="952" ind1=" " ind2=" ">
    <subfield code="0">0</subfield>
    <subfield code="1">0</subfield>
    <subfield code="2">ddc</subfield>
    <subfield code="4">0</subfield>
    <subfield code="7">0</subfield>
    <subfield code="a">LV</subfield>
    <subfield code="b">LV</subfield>
    <subfield code="c">Monograf&#xED;as</subfield>
    <subfield code="d">2020-03-04</subfield>
    <subfield code="l">0</subfield>
    <subfield code="o">708 N136n</subfield>
    <subfield code="p">002936</subfield>
    <subfield code="r">2020-03-04 00:00:00</subfield>
    <subfield code="w">2020-03-04</subfield>
    <subfield code="y">01</subfield>
  </datafield>
</record>
